000 00548nam a2200205Ia 4500
003 OSt
005 20250509151812.0
008 210210b1975 xxu||||| |||| 00| 0 eng d
040 _cAL
041 _aKannada
082 _aK894.308 PADH
100 _a PADMA SHENOY
_960157
_bಪದ್ಮಾ ಶೆಣೈ
245 _aHarida Galipata
_bಹರಿದ ಗಾಳಿಪಟ
260 _aMangaluru
_bVidyodaya Prakashana
_c1975
300 _a163
650 _aShenoy
_9209757
690 _aKannada Fiction
_960158
906 _a035325
942 _2ddc
_cBK
999 _c85990
_d85990